QUALITY INDICATORS & SPECIFICATIONS FOR MEDICAL LABORATORIES

Bibliographic Details
Main Author: Ricós, Carmen‏ (Author)
Format: Article
Language:Slovak
English

MARC

LEADER 00000nab a2200000 a 4500
001 vtls010713356
003 SK-MaSNL
005 20260304195135.0
008 250709s2007 xo |||||||||||||||||slo|
035 |a (urnnbn)urn:nbn:sk:snk:ar-a049g3 
035 |a (uuid)b83c1c58-8e08-46db-bcbe-e9f174cf3f95 
035 |a urn:nbn:sk:snk-ab3g2j 
040 |a SNKBUCL  |b slo  |c SNKBUCL  |e AACR2 
041 0 |a eng 
044 |a xo  |c SK 
100 1 |a Ricós, Carmen‏  |4 aut  |9 1520027 
245 1 0 |a QUALITY INDICATORS & SPECIFICATIONS FOR MEDICAL LABORATORIES  |c Ricós Carmen Aguila 
773 0 |t Laboratórna diagnostika : časopis pre pracovníkov diagnostických laboratórií  |g Roč. 12, č. 1 (2007), s. 44-48 
850 |a Slovenská národná knižnica 
852 |a Slovenská národná knižnica 
954 |a odborná, vedecká literatúra cudzojazyčná (svetová)  |2 lita 
958 |a article1 
958 |a OND 
958 |a EUIPO 
999 |c 3079621  |d 3081551